الدبلوماسية فى عالم متغير /

يذهب غالبية الفقه إلى أن للدولة ثلاث أركان، هى ركن الإقليم والسلطة والشعب وربما أغفل هذا الجانب من الفقه ما للدبلوماسية من دور في حياة الدولة. لقد ظلت النظرة للدبلوماسية حتى عهود متأخرة أنها نوع من الجاسوسية تمارس لمصلحة الدولة التي تمثلها على الدولة التي تعمل فيها والواقع أن هذه النظرة التي ظلت محل...

全面介绍

Saved in:
书目详细资料
主要作者: الشكري، علي يوسف
格式: 图书
语言:阿拉伯语
出版: القاهرة : إيتراك للنشر والتوزيع، 2004.
版:ط. 1.
主题:
在线阅读:http://dar.bibalex.org/webpages/mainpage.jsf?PID=DAF-Job:49266
标签: 添加标签
没有标签, 成为第一个标记此记录!

MARC

LEADER 00000nam a22000007a 4500
003 INP
005 20181118115043.0
008 121221s2004 ua frb 001 0 ara d
952 |0 0  |1 0  |4 0  |6 341_330000000000000_ع_د  |7 0  |8 arabic_Boo  |9 2585  |a INP  |b INP  |c MAIN  |d 2018-03-21  |l 0  |o 341.33 ع د  |p 002514  |r 2022-03-28 00:00:00  |w 2018-03-21  |y BK  |0 0 
999 |c 1354  |d 1354 
017 |a 1861 / 2004  |b مصر. دار الكتب 
020 |a 9773830004 
040 |a EG-INP  |b ara  |c EG-INP 
082 0 4 |a 341.33  |b ع د  |2 21 
100 1 |a الشكري، علي يوسف. 
245 1 2 |a الدبلوماسية فى عالم متغير /   |c على يوسف الشكرى. 
250 |a ط. 1. 
260 |a القاهرة :   |b إيتراك للنشر والتوزيع،   |c 2004. 
300 |a 387 ص. ؛   |c 24 سم. 
500 |a يشتمل على الملاحق. 
504 |a يشتمل على إرجاعات ببليوجرافية (ص. 377-383). 
520 |a يذهب غالبية الفقه إلى أن للدولة ثلاث أركان، هى ركن الإقليم والسلطة والشعب وربما أغفل هذا الجانب من الفقه ما للدبلوماسية من دور في حياة الدولة. لقد ظلت النظرة للدبلوماسية حتى عهود متأخرة أنها نوع من الجاسوسية تمارس لمصلحة الدولة التي تمثلها على الدولة التي تعمل فيها والواقع أن هذه النظرة التي ظلت محل انتقاد غالبية الفقه الدولي هى نظرة أثبت الواقع صحتها. 
650 7 |a الدبلوماسية.  |2 qrmak 
650 7 |a الحصانة الدبلوماسية.  |2 qrmak 
650 7 |a التقاليد الدبلوماسية.  |2 qrmak 
650 7 |a السلك الدبلوماسى و القنصلى.  |2 qrmak 
650 7 |a المراسم الدبلوماسية  |2 qrmak 
856 |u http://dar.bibalex.org/webpages/mainpage.jsf?PID=DAF-Job:49266 
901 |a EGPV19 
902 |a  EGPV5 
903 |a copycat 
942 |c BK  |2 ddc